000 00677nam a2200241Ia 4500
001 6144
005 20240113233904.0
007 ta
008 050624s2001 a g b000 u eng u
020 _a81-7167-431-3
040 _aCotton College,Assam
041 _aeng
082 _a823.08
_bMa 44 Co
100 _aMaupassant, Guy De .
245 0 _aThe Complete Short Stories of Guy De Maupassant /
_cGuy De Maupassant.
_hTextual Documents
250 _a1st ed. /
260 _aNew Delhi :
_bRupa & Co ,
_c2001.
300 _axi, 1011p. :
_bill. ;
_c22cm .
653 _aEnglish fiction-Collections
942 _2ddc
_cBK
999 _c6131
_d6131